| 000 | 00647nam a2200205 a 4500 | ||
|---|---|---|---|
| 001 | 000010155 | ||
| 005 | 20240412074215.0 | ||
| 008 | 091005s1990 dr a 001 p spa d | ||
| 040 |
_aDO-SdBNP _bspa _cBNPHU |
||
| 082 |
_aRD861.44 _bC951l 1990 |
||
| 100 | 1 |
_aCross de Hailu, Elvira Angelica _925151 |
|
| 245 | 1 | 0 |
_aLibertad condicional / _cElvira Angelica Cross de Hailu. |
| 250 | _a2a ed. | ||
| 260 |
_aSanto Domingo : _bAmigo del Hogar, _c1990. |
||
| 300 |
_a79 p. : _bil. ; _c22 cm. |
||
| 500 | _aIncluye datos biográficos del autor pags. 78-79 . | ||
| 650 | 0 |
_aPoesÃa dominicana _966 |
|
| 650 | 0 |
_aLiteratura dominicana. _967 |
|
| 049 | _aBNPD | ||
| 999 |
_c9914 _d9914 |
||